Государственные и международные праздники; Библиотеки учебных заведений; № 13

Bibliografiske detaljer
Parent link:Библиотеки учебных заведений: научно-методический журнал.— , 2005
№ 13.— 2005.— С. 44-47
Sprog:russisk
Udgivet: 2005
Serier:Памятные и знаменательные даты (январь-июнь 2005 года)
Fag:
Format: MixedMaterials Book Chapter
KOHA link:https://koha.lib.tpu.ru/cgi-bin/koha/opac-detail.pl?biblionumber=399097

MARC

LEADER 00000naa2a2200000 4500
001 399097
005 20231101065153.0
035 |a (RuTPU)RU\TPU\prd\40082 
035 |a RU\TPU\prd\40081 
090 |a 399097 
100 |a 20051205a2005 k y0rusy50 ca 
101 0 |a rus 
102 |a RU 
200 1 |a Государственные и международные праздники 
225 1 |a Памятные и знаменательные даты (январь-июнь 2005 года) 
461 0 |0 (RuTPU)RU\TPU\prd\39949  |t Библиотеки учебных заведений  |o научно-методический журнал  |d 2005 
463 0 |0 (RuTPU)RU\TPU\prd\39950  |t № 13  |v С. 44-47  |d 2005 
610 1 |a памятные даты 
610 1 |a знаменательные даты 
610 1 |a календари 
610 1 |a праздники 
610 1 |a международные праздники 
610 1 |a государственные праздники 
801 1 |a RU  |b 63413507  |c 20051205  |g PSBO 
801 2 |a RU  |b 63413507  |c 20051205  |g PSBO 
942 |c BK